[Event "Wch U20"]
[Site "Zagan"]
[Date "1997.07.25"]
[Round "11"]
[White "Bauer, Christian"]
[Black "Kacheishvili, Giorgi"]
[Result "1-0"]
[WhiteElo "2525"]
[BlackElo "2550"]
[PlyCount "65"]
[EventDate "1997.07.14"]
[EventType "swiss"]
[EventRounds "13"]
[EventCountry "POL"]
[SourceTitle "CBM 059 Extra"]
[Source "ChessBase"]
[SourceDate "1997.09.26"]
[SourceVersion "1"]
[SourceVersionDate "1997.09.26"]
[SourceQuality "1"]

1. e4 c5 2. Nf3 e6 3. d3 Nc6 4. g3 d5 5. Nbd2 g6 6. Bg2 Nf6 7. O-O Bg7 8. Re1 O-O 9. c3 Qc7 10. a3 ({RR} 10. Qc2 b6 11. Nf1 a5 12. Bf4 Qd8 13. Rad1 Bb7 14. h3 Re8 15. g4 e5 16. Bg3 d4 17. c4 h5 18. g5 Nh7 19. h4 Bc8 20. N3h2 f6 21. f4 exf4 22. Bxf4 fxg5 23. hxg5 Ne5 24. Bxe5 Bxe5 {Arshiya Das (1667)-Hrebenshchykova,Y (2275) chess.com INT 2024 0-1 (40)}) 10... dxe4 ({RR} 10... b6 11. Nf1 dxe4 12. dxe4 Rd8 13. Qc2 Ba6 14. Bf4 e5 15. Bg5 Bd3 16. Qc1 Na5 17. N1d2 c4 18. Bf1 h6 19. Bxf6 Bxf6 20. Re3 Bxf1 21. Qxf1 Rd7 22. Qh3 Kg7 23. Ree1 Nb3 24. Nxb3 cxb3 25. Rad1 {Kunin,V (2556)-Nielsen,P (2654) Berlin 2015 ½-½ (41)}) 11. dxe4 Rd8 12. Qe2 $146 ({RR} 12. Qc2 b6 13. Nc4 e5 14. a4 Be6 15. Bf1 h6 16. Nfd2 Ne8 17. Ne3 Nd6 18. Ndc4 Nxc4 19. Bxc4 Na5 20. Bxe6 fxe6 21. Qe2 c4 22. Qg4 Qf7 23. Rb1 Rd3 24. Nf1 Rad8 25. h4 Nb3 26. Be3 R8d6 {Weiermann,A (2260)-Gustavsson,C (2210) Germany 1993 1-0 (50)}) 12... Nd7 13. Nf1 Na5 14. Bg5 f6 15. Be3 c4 16. Rad1 Re8 17. h4 Bf8 18. N1h2 e5 19. h5 Nc5 20. hxg6 hxg6 21. Nh4 Qf7 22. Bxc5 Bxc5 23. Ng4 Kg7 24. Bf3 Be6 25. Kg2 Rad8 26. Ne3 Bxe3 27. Qxe3 Rxd1 28. Rxd1 b6 29. Qe2 Re7 30. Rh1 Qf8 31. Bg4 Bf7 32. Bf5 Nb7 33. Bxg6 1-0

[Event "Bad Homburg"]
[Site "Bad Homburg"]
[Date "1997.??.??"]
[Round "6"]
[White "Hickl, Joerg"]
[Black "Sutovsky, Emil"]
[Result "1-0"]
[WhiteElo "2565"]
[BlackElo "2590"]
[Annotator "Liss,Eran"]
[PlyCount "101"]
[EventDate "1997.07.26"]
[EventType "tourn"]
[EventRounds "9"]
[EventCountry "GER"]
[EventCategory "14"]
[SourceTitle "CBM 060"]
[Source "ChessBase"]
[SourceDate "1997.09.29"]
[SourceVersion "1"]
[SourceVersionDate "1997.09.29"]
[SourceQuality "1"]

1. g3 {Horn,Peter} e5 2. Bg2 d5 3. d3 Nc6 4. c3 a5 5. Nf3 Nf6 6. O-O Be7 7. Qc2 O-O 8. Nbd2 ({RR} 8. e4 dxe4 9. dxe4 Bc5 10. Nbd2 Be6 11. Ng5 Bg4 12. Nc4 Qe7 13. Be3 h6 14. Nf3 Be6 15. Bxc5 Qxc5 16. Ne3) ({RR} 8. e4 h6 9. Re1 dxe4 10. dxe4 Be6 11. Nh4 Re8 12. Nd2 a4 13. Nf1 Bf8 14. Ne3 Na5 15. Rd1 Qc8 16. Nd5 Nxd5 17. exd5 Bg4 18. Re1 Nc4 19. Be4 Nd6 20. Bh7+ Kh8 21. Bd3 c6 22. dxc6 Qxc6 {Chen Peng (2441)-Xu,Y (2496) Hohhot CHN 2024 0-1 (84)}) 8... Re8 ({RR} 8... a4 9. e4 d4 ({RR} 9... Re8) 10. Nc4 Nd7 11. Bh3 Bf6 12. Bd2 dxc3 ({RR} 12... Nc5 13. Bxc8 Rxc8) 13. bxc3 Nc5 14. Bxc8 Rxc8 ({RR} 14... Qxc8) 15. Ne1 Ra8 16. Ne3 Qd7 ({RR} 16... Be7) 17. Rd1 Ne6 18. f4 Be7 19. fxe5 ({RR} 19. f5 Ned8 20. h4 f6 ({RR} 20... b6) 21. Nf3 Nf7) 19... Nxe5 20. d4 Ng6 21. h4 c5 22. d5 Nc7 23. Nf5 {Hickl,J (2570)-Romanishin,O (2615) Polanica Zdroj 1993 CBM 037 [Horn,Peter] ½-½ (31)}) ({RR} 8... b6 9. b3 Bb7 10. a3 Re8 11. Rd1 Bc5 12. Nf1 e4) ({RR} 8... b6 9. b3 Re8 10. Bb2 h6 11. a3 Bf8 12. Rfd1 Ba6 13. b4 Qd7 14. e4 dxe4 15. Nxe4 Qe6 16. Nxf6+ Qxf6 17. Re1 Rad8 18. Re3 Qd6 19. Bf1 g6 20. Rd1 Bg7 21. Qb3 axb4 22. cxb4 Bc8 23. b5 {Hickl,J (2588)-Stojanovic,M (2552) Switzerland 2015 ½-½ (46)}) 9. e4 Bf8 10. b3 $146 {White has got himself a Pirc position with a tempo up, quite nice if you're a Pirc-player with Black, as Hickl is.} ({RR} 10. Re1) ({RR} 10. Re1 a4 11. Nf1 h6 12. Bd2 d4 13. cxd4 exd4 14. Rec1 Nd7 15. Ne1 Re5 16. f4 Rc5 17. Qd1 Rb5 18. Rcb1 Nc5 19. Qe2 Ra6 20. Nc2 Rab6 21. Bc1 Na5 22. Nd2 Na6 23. Bf1 Rc5 24. Na3 Rxc1 {Dableo,R (2305)-Wu,S (2531) Ho Chi Minh City 2003 1-0 (38)}) 10... a4 $5 {Black is trying to break the normal patterns} (10... h6 11. Bb2 Be6 12. a3 {With a nice game for white}) 11. b4 b5 (11... d4 12. b5 dxc3 13. bxc6 cxd2 14. Bxd2 bxc6 15. Qxc6 (15. Bc3 Nd7 16. d4 $36) 15... Ra6 16. Qc2 $14 Rd6 $2 17. d4) 12. a3 Be6 13. Bb2 Rb8 14. Rfe1 dxe4 (14... h6 $6 15. exd5 Bxd5 16. c4 Bxf3 17. Nxf3 $16) 15. dxe4 Na7 $6 {Black tries too hard to create active play. Anyway his position is not easy  to handle.} (15... Qd7 16. Rad1 Bd6 17. c4 $36) 16. Rad1 (16. c4 $16) 16... c5 (16... Nd7 17. c4 c5 18. bxc5 Bxc5 19. Nxe5 $16) 17. Nxe5 Qc7 {the simplest and the best move.} (17... Bb3 18. Nxb3 axb3 19. Qxb3 $18) 18. Nef3 $1 cxb4 19. axb4 Bxb4 20. e5 Nd7 (20... Nd5 21. Ng5 g6 22. Nxe6 (22. Bxd5 Bxd5 23. Qd3 Bc4 $5 (23... Be7 {and it's still a game}) 24. Nxc4 bxc4 25. Qd5 Bf8 26. e6 fxe6 27. Nxe6 (27. Rxe6 Kh8 28. Bc1 Red8 {and suddenly black is playing}) 27... Qc6 $132) (22. Nde4 $1 Be7 (22... Kg7 23. Nd6 Nxc3 24. Nxe8+ Rxe8 25. Nxe6+ fxe6 26. Rd3 Rc8 27. Rc1 $18) 23. Nd6 Bxd6 (23... Red8 24. Ngxf7 $1 $18) 24. exd6 Qxd6 25. c4 bxc4 (25... Rec8 26. Bxd5 Bxd5 27. Rxd5 Qxd5 28. Qc3 $18) 26. Ne4 Qd8 27. Rxd5 $1 Bxd5 28. Nf6+ Qxf6 29. Rxe8+ Rxe8 30. Bxf6 Re1+ 31. Bf1 $18) 22... fxe6 23. Bxd5 exd5 24. Qd3 Bf8 25. Qxd5+ Qf7 26. e6 Qf5 27. Qa2 Bg7 28. Ne4 $1 $18) 21. Ng5 g6 22. Nxe6 fxe6 23. Ne4 $16 Be7 24. Bh3 Nf8 25. Nf6+ Bxf6 26. exf6 Nc6 27. Ba3 Ne5 28. Qe4 Nf7 29. Qe3 Rbd8 30. Rxd8 Qxd8 31. Be7 Qc7 32. Bf1 Qc6 33. h4 $40 Nd6 $4 34. Bg2 $2 (34. Bxf8 $142 $1 Nf5 (34... Rxf8 35. Qxe6+ Rf7 36. Rd1 $18) 35. Qc5 $1 $18) 34... Qa6 35. g4 $5 (35. Bxf8 $1 Nf5 36. Qg5 Rxf8 37. g4 $18) 35... Nc8 $2 (35... Nf7 $142 $16) 36. Bxf8 (36. Qh6 Rxe7 37. fxe7 Nxe7 {with some hopes for black}) (36. Bc5 $1 {Wins immediatly} Nd7 37. Qf4 Nxc5 38. f7+ Kf8 39. fxe8=Q+ Kxe8 40. Qc7 $18) 36... Rxf8 (36... Kxf8 $4 37. Qh6+ Kg8 38. Qg7#) 37. Qxe6+ Qxe6 38. Rxe6 $18 Rd8 39. Ra6 Nd6 (39... Rd1+ 40. Bf1 Nd6 41. Kg2 $18) 40. Ra7 Nc4 41. g5 Ne5 42. Ra5 Kf7 43. Rxb5 Rd1+ 44. Kh2 Ke6 45. Ra5 Rd3 46. Bh3+ Kd6 47. Kg2 Nf3 48. Rxa4 Rxc3 49. f7 Ne1+ 50. Kf1 Ke7 51. Ra7+ (51. Ra7+ Kf8 52. Be6 $18) 1-0

[Event "Lost Boys 5th"]
[Site "Antwerp"]
[Date "1997.??.??"]
[Round "1"]
[White "Kortschnoj, Viktor Lvovich"]
[Black "Novikov, Igor A"]
[Result "1-0"]
[WhiteElo "2610"]
[BlackElo "2590"]
[PlyCount "87"]
[EventDate "1997.08.01"]
[EventType "tourn"]
[EventRounds "7"]
[EventCountry "BEL"]
[EventCategory "15"]
[SourceTitle "CBM 061"]
[Source "ChessBase"]
[SourceDate "1997.11.23"]
[SourceVersion "1"]
[SourceVersionDate "1997.11.23"]
[SourceQuality "1"]

1. Nf3 d5 2. b3 Bg4 3. e3 Nd7 4. h3 Bh5 5. Bb2 e6 6. d3 ({RR} 6. a3 Ngf6 7. d3 Bg6 8. Nbd2 Bd6 9. g4 O-O 10. Bg2 e5 11. Nh4 c6 12. Qe2 Re8 13. Nxg6 hxg6 14. h4 Qe7 15. g5 Nh7 16. Bh3 a5 17. Qg4 Nc5 18. Bg2 e4 19. dxe4 Nxe4 20. Bxe4 dxe4 {Murzin,V (2648)-Kobalia,M (2543) chess.com INT 2024 1-0 (36)}) 6... Ngf6 ({RR} 6... a5 7. a4 h6 8. Nbd2 Ngf6 9. Be2 Bb4 10. O-O O-O 11. Ne5 Bxe2 12. Qxe2 Nxe5 13. Bxe5 Bd6 14. Bb2 e5 15. e4 Re8 16. exd5 Nxd5 17. Qf3 c6 18. Nc4 Bc7 19. Rfe1 Qg5 20. Re4 f5 21. Re2 {Moussard,J (2630)-Bluebaum,M (2637) Chess.com INT 2022 ½-½ (75)}) 7. Nbd2 h6 $146 ({RR} 7... c6 8. g3 Bd6 9. Bg2 O-O 10. O-O Qe7 11. a3 a5 12. Qe1 Bxf3 13. Nxf3 e5 14. e4 dxe4 15. dxe4 Rfe8 16. Qe2 Nc5 17. Nd2 Nfd7 18. Nc4 Bc7 19. h4 Ne6 20. Rad1 Rad8 21. a4 f6 22. Ba3 {Vikulov,A (2145)-Reefschlaeger,H (2345) Bad Wiessee 1997 0-1 (55)}) 8. Qe2 a5 9. a3 a4 10. b4 c5 11. bxc5 Bxc5 12. g4 Bg6 13. Bg2 Qb6 14. Ra2 O-O 15. O-O Rfc8 16. Rb1 Qa6 17. Nf1 Be7 18. Ng3 Rc7 19. Ba1 Rac8 20. Nd4 e5 21. Ngf5 Bxf5 22. Nxf5 Bf8 23. Ng3 Qe6 24. d4 exd4 25. Bxd4 Ne4 26. Nh5 Nc3 27. Bxc3 Rxc3 28. Nf4 Qa6 29. Bxd5 Nf6 30. Rxb7 Qxe2 31. Bxf7+ Kh8 32. Nxe2 Rxa3 33. Rxa3 Bxa3 34. Ra7 Rxc2 35. Ra8+ Kh7 36. Nf4 Rc1+ 37. Kg2 g5 38. Bg6+ Kg7 39. Ra7+ Kg8 40. Ne6 Rc8 41. Rxa4 Bb2 42. Ra7 Nd5 43. Bh7+ Kh8 44. Bf5 1-0

[Event "National op"]
[Site "Las Vegas"]
[Date "1997.??.??"]
[Round "5"]
[White "Schwartzman, Gabriel"]
[Black "Yermolinsky, Alex"]
[Result "1-0"]
[WhiteElo "2605"]
[BlackElo "2695"]
[Annotator "ChessBase II"]
[PlyCount "79"]
[EventDate "1997.08.03"]
[EventType "swiss"]
[EventRounds "6"]
[EventCountry "USA"]
[SourceTitle "CBM 058 Extra"]
[Source "ChessBase"]
[SourceDate "1997.07.29"]
[SourceVersion "1"]
[SourceVersionDate "1997.07.29"]
[SourceQuality "1"]

1. Nf3 Nf6 2. g3 g6 3. Bg2 Bg7 4. O-O O-O 5. d3 d5 6. Nbd2 Nc6 7. e4 e5 8. c3 a5 9. a4 Re8 10. Re1 ({RR} 10. exd5 Nxd5 11. Re1 h6 12. Nc4 Bf5 13. Nh4 Be6 14. Nf3 Bf5 15. Nh4 Be6 16. Qc2 Qd7 17. Nf3 Bf5 18. Nh4 Bg4 19. Qb3 Be6 20. Nf3 Nb6 21. Qb5 Nxc4 22. dxc4 f5 23. Be3 e4 24. Rad1 Qe7 {Amin,B (2699)-Narayanan,S (2611) chess24.com INT 2020 0-1 (45)}) 10... h6 11. Qc2 Be6 12. Rb1 $146 ({RR} 12. Nf1 Qd7 13. Bd2 Rad8 14. b4 dxe4 15. dxe4 Bc4 16. b5 Nb8 17. Qc1 Kh7 18. h3 Bd3 19. N3h2 Qe6 20. c4 b6 21. Ra3 Bf8 22. Rc3 Rd4 23. Nf3 Bxf1 24. Rxf1 Rdd8 25. Re3 Bb4 26. Bxb4 axb4 {Galego,L (2528)-Fernandez Garcia,J (2474) Andorra 2006 1-0 (69)}) ({RR} 12. exd5 Bxd5 13. Ne4 Nxe4 14. dxe4 Bc4 15. Rd1 Qc8 16. b3 Be6 17. Be3 g5 18. Nd2 Ne7 19. b4 Ng6 20. Nb3 b6 21. bxa5 bxa5 22. Nc5 Bc4 23. Bf1 Bxf1 24. Rxf1 Bf8 25. Nd3 Qe6 26. Rfb1 Red8 {Oro,F (2423)-Shirov,A (2650) chess.com INT 2025 ½-½ (98)}) ({RR} 12. b3 Qd7 13. Bb2 Rad8 14. Rad1 Bh3 15. Qb1 Qg4 16. b4 axb4 17. cxb4 dxe4 18. dxe4 Bxg2 19. Kxg2 Nh5 20. b5 Nb4 21. Kh1 Nd3 22. Rf1 Qh3 23. Nc4 Nhf4 24. Ne3 Bf8 25. Bc3 Bc5 26. Qc2 Nxf2+ {Praggnanandhaa,R (2537)-Gupta,A (2606) Xingtai 2019 1-0 (41)}) 12... Qd7 13. b4 axb4 14. cxb4 dxe4 15. dxe4 Nd4 16. Nxd4 exd4 17. a5 d3 18. Qd1 Ng4 19. h3 Ne5 20. Kh2 Nc4 21. Nxc4 Bxc4 22. Bd2 c6 23. Qc1 Bb5 24. Bxh6 Rad8 25. Bd2 f5 26. f3 fxe4 27. Rxe4 Rxe4 28. fxe4 Be5 29. Qc5 Qd6 30. Qe3 Rf8 31. Rf1 Rf6 32. Qg5 Rxf1 33. Bxf1 Kf7 34. h4 Qf6 35. Qxf6+ Kxf6 {} 36. Kg2 Bd4 37. Kf3 b6 $4 {probably fatigue} 38. Be3 Bc3 39. axb6 Ba6 40. Bxd3 1-0

[Event "Tan Chin Nam Cup 3rd "]
[Site "Beijing"]
[Date "1997.08.19"]
[Round "1"]
[White "Pigusov, Evgeny"]
[Black "Zhu, Chen"]
[Result "1-0"]
[WhiteElo "2560"]
[BlackElo "2515"]
[Annotator "Horn,Peter"]
[PlyCount "137"]
[EventDate "1997.08.11"]
[EventType "tourn"]
[EventRounds "11"]
[EventCountry "CHN"]
[EventCategory "12"]
[SourceTitle "CBM 061"]
[Source "ChessBase"]
[SourceDate "1997.11.23"]
[SourceVersion "1"]
[SourceVersionDate "1997.11.23"]
[SourceQuality "1"]

1. Nf3 d5 2. g3 Nf6 3. Bg2 h6 $6 {bei einem f5 ist das ein sinnvoller Zug, aber in diesem Augenblick gab es wohl wichtigere Dinge zu tun.} 4. c4 $146 {Nach dem provokativem letzten schwarzen Zug fühlt sich Weiß aufgefordert, etwas Schärfe ins Spiel zu bringen.} (4. O-O Bf5 5. d3 $14) 4... c6 ({RR} 4... e6 5. O-O Be7 6. d4 O-O 7. Qc2 Nbd7 8. Rd1 Ne4 9. Nc3 Ndf6 10. b3 c6 11. Bb2 Nxc3 12. Bxc3 Ne4 13. Bb2 Bd7 14. Ne5 f5 15. Ng6 Rf6 16. Nxe7+ Qxe7 17. f3 Ng5 18. h4 Nh7 19. e4 {Oparin,G (2652)-Bortnyk,O (2598) Chess.com INT 2020 0-1 (37)}) 5. Qc2 {versucht, h6 endgültig zum Tempoverlust zu stempeln, da f5 unmöglich wird.} (5. Qb3 $5 $14) ({RR} 5. Qa4 e6 6. O-O Bd6 7. cxd5 exd5 8. Nc3 O-O 9. d3 Re8 10. Qh4 Bf5 11. Re1 Nbd7 12. Nd4 Bxd3 13. Bxh6 Bg6 14. Bg5 Qb6 15. Nb3 Ne4 16. Be3 Qc7 17. Rac1 Nxc3 18. Rxc3 Be4 19. a3 Nf6 {Lim,M (1776)-Hutchinson,P (2005) Cambridge ENG 2024 0-1 (35)}) 5... Bg4 $146 ({RR} 5... Na6 6. O-O d4 7. d3 Bf5 8. a3 Nc5 9. b4 Ne6 10. Bb2 a5 11. Nbd2 a4 12. c5 g5 13. Nc4 Bg7 14. Nb6 Ra7 15. Nxa4 Nd5 16. Rfe1 O-O 17. Nd2 Nec7 18. Nb6 Bg6 19. Qb3 Nc3 20. a4 {Johansen,P (2108)-Runde,H (1977) Oslo 2007 ½-½ (50)}) ({RR} 5... e6 6. O-O Be7 7. d3 O-O 8. e4 d4 9. e5 Nfd7 10. Re1 c5 11. h4 Nc6 12. Qe2 Rb8 13. Nbd2 b6 14. Nf1 Bb7 15. N1h2 Re8 16. Ng4 Bf8 17. Bf4 Ne7 18. h5 Nf5 19. b3 Be7 20. Ngh2 {Nikolic,P (2603)-Astengo,M (2074) Acqui Terme 2015 1-0 (34)}) 6. Ne5 Bh5 7. cxd5 cxd5 8. Nc3 (8. Qa4+ Nbd7 9. Nc3 {ist nur Zugumstellung}) 8... Nbd7 9. Qa4 {Hier verliert Weiß ein Tempo: es entsteht eine theoretische Stellung mit dem (nützlichen) Mehrtempo h6. Weiß kann also mit dem Ergebnis der Eröffnung nicht zufrieden sein. An dieser Stelle gab es aber wenig aussichtsreiche Alternativen. Vielleicht ist schon c2 nicht optimal.} e6 10. g4 Bg6 11. d4 (11. Nxg6 {bringt wenig ein, da es außer der a4 an Figuren mangelt, die schnell an einem Angriff teilnehmen könnten. Mit dem Mehrtempo h2-h4 gibt es einige Erfahrung mit diesem Tausch.} fxg6 12. Qc2 Kf7 13. d4 (13. h3 $142 $11) 13... Nxg4 14. e4 Nb6 $17 (14... dxe4 $6 15. Qxe4 $44)) 11... Bh7 12. Bf4 Be7 13. O-O O-O 14. Nxd7 Nxd7 15. Qb3 Qb6 (15... Nf6) 16. Qxb6 Nxb6 17. Rac1 Bf6 $6 {Das mißfällt mir. Der b6 hat ein schönes Vorpostenfeld auf c4, das Weiß ihm mit b3 wegnehmen kann. Wenn er das aber tut, eröffnet sich die Möglichkeit für a3.  Der  ist auf e7 in meinen Augen nicht schlecht plaziert.} (17... Rfc8 18. Nb5 a6 19. Nc7 (19. Nd6 $2 Bxd6 20. Bxd6 Nc4) 19... Rab8 $13) (17... Bg5 $6 18. Bxg5 hxg5 19. Nb5 $36) 18. Rfd1 (18. e3 $2 {Vielleicht hatte Zhu Chen mit seinem letzten Zug auf diese Antwort spekuliert. Wegen der Möglichkeit d3 fällt das weiße Angriffsspiel mit b5 aus.} Rfc8 19. Nb5 $140 $2 Bd3) 18... Rfd8 $2 (18... Rfc8 19. b3 (19. Nb5 Bc2 20. Re1 (20. Rd2 Bg6 21. Nc7 Rab8 22. Rdd1 a6))) (18... a6 19. e4 (19. Bc7 Nd7 20. e4 Rfc8 21. Bg3 dxe4 22. Nxe4 Rxc1 23. Rxc1 Bxd4 24. Nd6 $11) 19... dxe4 20. Nxe4 $14) 19. Bc7 Rdc8 20. Nb5 Nc4 21. b3 $1 (21. Rxc4 dxc4 22. Bxb7 Rxc7 23. Bxa8 (23. Nxc7 $2 Rb8 24. Ba6 Bd8 $19) 23... Rc8 24. Bf3 Rb8 $132 {[%csl Rb2]}) 21... a6 (21... Nb2 $2 22. Rf1 $16) 22. bxc4 dxc4 (22... axb5 23. cxd5 Rxa2 24. dxe6 fxe6 25. Bxb7 $16 {[%csl Rb5,Re6] Die schwarzen  sind zersplittert und daher schwach.}) 23. Be5 axb5 $8 24. Bxf6 (24. Bxb7 $5) 24... gxf6 {die automatische Reaktion} (24... Rxa2 $5 {Schwarz pfeift auf die Figur und sammelt dafür 2  ein. Das sieht zwar auch verloren aus, aber vielleicht hätte sich eher hier eine Rettungschance ergeben.} 25. Be5 Rxe2 26. Bxb7 Rd8 $16) 25. Bxb7 $18 Rcb8 26. Bxa8 Rxa8 27. Rd2 Ra3 28. Rb2 Be4 29. Rxb5 Rxa2 30. f3 Bc2 31. d5 exd5 32. Rxd5 Bb3 33. Kf2 Kg7 34. Rc3 Ra1 35. Rc5 Ra8 36. Re3 Ra1 37. Rc7 Ra8 38. Ree7 Rf8 39. h3 Ba2 40. Red7 Bb3 41. Rd5 Re8 42. Rd6 Ra8 43. Kg3 Ra2 44. e4 Ra8 45. Rdd7 Rf8 46. h4 Ba4 47. Rd5 Bb3 48. Ra5 Rd8 49. Raa7 Rf8 50. Rab7 Kg6 51. Rb6 Kg7 52. Rcc6 Rd8 53. Rxf6 Ba4 54. Rfd6 Rc8 55. Ra6 Bb5 56. Ra1 c3 57. Rc1 c2 58. Rd2 Ba4 59. Rd4 Bb3 60. Rb4 Rc3 61. Rxb3 Rxb3 62. Rxc2 Rb6 63. Rc5 Kf6 64. Kf4 Ra6 65. Rd5 Ke6 66. Rh5 Ke7 67. g5 hxg5+ 68. hxg5 Ra5 69. g6 1-0

[Event "RUS-Cup Final"]
[Site "Sochi"]
[Date "1997.09.20"]
[Round "4"]
[White "Filippov, Valerij"]
[Black "Vaulin, Alexander"]
[Result "1-0"]
[WhiteElo "2535"]
[BlackElo "2530"]
[PlyCount "61"]
[EventDate "1997.09.17"]
[EventType "tourn"]
[EventRounds "11"]
[EventCountry "RUS"]
[EventCategory "13"]
[SourceTitle "CBM 062"]
[Source "ChessBase"]
[SourceDate "1998.01.31"]
[SourceVersion "1"]
[SourceVersionDate "1998.01.31"]
[SourceQuality "1"]

1. Nf3 d5 2. g3 Bg4 3. Bg2 Nd7 4. c4 dxc4 5. Na3 c6 6. Nxc4 Ngf6 7. d4 e6 8. O-O Be7 9. Qb3 Nb6 10. Na5 Rb8 11. Bf4 Bd6 12. Ne5 O-O 13. e4 Be2 $146 ({RR} 13... Bc7 14. Rac1 Be2 15. Rfe1 Bb5 16. Bh3 Qe7 17. Bg5 h6 18. Bf4 Rfe8 19. Ng6 fxg6 20. Bxc7 Qxc7 21. Qxb5 Rbd8 22. Qe5 Qe7 23. Nb3 g5 24. Qa5 g4 25. Bf1 Qc7 26. h3 gxh3 27. Bxh3 Re7 28. Nc5 {Hausrath,D (2533)-Bruehl,A (2360) Belgium 2010 1-0 (34)}) 14. Rfc1 Bb5 15. a4 Ba6 16. Qc3 Ne8 17. b4 f6 18. Nexc6 bxc6 19. Nxc6 Qc7 20. e5 fxe5 21. dxe5 Be7 22. b5 Bb7 23. Nxb8 Qxb8 24. Bxb7 Qxb7 25. Qc6 Qxc6 26. Rxc6 Nd5 27. a5 g5 28. Be3 Nxe3 29. fxe3 Bd8 30. b6 axb6 31. axb6 1-0

[Event "Candidates (Women)"]
[Site "Groningen"]
[Date "1997.12.11"]
[Round "3"]
[White "Ioseliani, Nana"]
[Black "Cramling, Pia"]
[Result "1-0"]
[WhiteElo "2520"]
[BlackElo "2520"]
[PlyCount "61"]
[EventDate "1997.12.09"]
[EventType "tourn"]
[EventRounds "18"]
[EventCountry "NED"]
[EventCategory "9"]
[SourceTitle "CBM 062 Extra"]
[Source "ChessBase"]
[SourceDate "1998.03.09"]
[SourceVersion "1"]
[SourceVersionDate "1998.03.09"]
[SourceQuality "1"]

1. e4 e6 2. d3 c5 3. g3 Nc6 4. Bg2 g6 5. Nf3 Bg7 6. O-O Nge7 7. c3 e5 8. Be3 d6 9. h3 O-O 10. Na3 ({RR} 10. d4 exd4 11. cxd4 d5 12. exd5 Nxd5 13. Bg5 Qb6 14. Nc3 Nxc3 15. bxc3 cxd4 16. Nxd4 Qa5 17. Be3 Ne5 18. Qb3 a6 19. c4 Rb8 20. Rab1 Re8 21. c5 Nd7 22. Rfc1 Nxc5 23. Qd5 Rd8 24. Rxc5 Rxd5 {Arizmendi Martinez,J (2503)-Ulybin,M (2589) Biel 2002 1-0 (40)}) ({RR} 10. d4 cxd4 11. cxd4 h6 12. Nc3 a6 13. Qd2 Kh7 14. Rfd1 Qc7 15. Rac1 Qa5 16. a3 b5 17. b4 Qxa3 18. Ra1 Qxb4 19. d5 Nd4 20. Rdb1 Qxc3 {0-1 (20) Hoepfl,T (2207)-Asish Panda (1903) chess.com INT 2024}) 10... b6 11. d4 exd4 $146 ({RR} 11... Ba6 12. Re1 exd4 13. cxd4 Rc8 14. Qd2 d5 15. e5 cxd4 16. Bg5 d3 17. Bf1 f6 18. exf6 Bxf6 19. Bxd3 Bxd3 20. Qxd3 Nf5 21. Bxf6 Qxf6 22. Qxd5+ Kh8 23. Re6 Qxb2 24. Rb1 Qxa3 25. Rxc6 Rxc6 26. Qxc6 {Bologan,V (2574)-Markidis,K (2148) Chess.com INT 2020 1-0 (34)}) ({RR} 11... Ba6 12. Re1 exd4 13. cxd4 Nb4 14. Qd2 Rc8 15. Bh6 Re8 16. Bxg7 Kxg7 17. dxc5 dxc5 18. Qc3+ Kg8 19. Red1 Qc7 20. Nc4 Rcd8 21. a3 Bxc4 22. Qxc4 Nbc6 23. Qc2 Rxd1+ 24. Rxd1 Rd8 25. Rd2 Rxd2 26. Qxd2 {Kohlmann,R (2097)-Villavicencio Martinez,C (2125) Tenerife 2018 ½-½}) 12. cxd4 d5 13. exd5 Nxd5 14. Bg5 f6 15. Bc1 Ba6 16. Re1 Ndb4 17. Qb3+ Kh8 18. dxc5 Qd3 19. cxb6 Qxb3 20. axb3 axb6 21. Bd2 Nd3 22. Re6 Rac8 23. Ne1 Nxe1 24. Raxe1 Nd4 25. Rxb6 Bd3 26. Kh2 Rfd8 27. Bc3 f5 28. Rb7 Bf8 29. Rd1 Bxa3 30. Rxd3 Bc5 31. b4 1-0

[Event "FIDE-Wch k.o."]
[Site "Groningen"]
[Date "1997.12.13"]
[Round "2.4"]
[White "Tkachiev, Vladislav"]
[Black "Salov, Valery"]
[Result "1-0"]
[WhiteElo "2615"]
[BlackElo "2680"]
[PlyCount "71"]
[EventDate "1997.12.09"]
[EventType "k.o."]
[EventRounds "7"]
[EventCountry "NED"]
[SourceTitle "CBM 208"]
[Source "ChessBase"]
[SourceDate "2022.06.30"]
[SourceVersion "1"]
[SourceVersionDate "2022.06.30"]
[SourceQuality "1"]

1. e4 c5 2. Nf3 e6 3. g3 b6 4. Bg2 Bb7 5. d3 d6 6. O-O Nf6 7. Re1 Be7 8. Nbd2 O-O 9. c3 Nbd7 ({RR} 9... Nc6 10. a3 Rc8 11. d4 cxd4 12. cxd4 b5 13. e5 Nd5 14. Ne4 b4 15. Qd3 dxe5 16. dxe5 Nb6 17. Nd6 Rc7 18. Bf4 Nd5 19. Nxb7 Rxb7 20. Bd2 bxa3 21. bxa3 Qb8 22. Bg5 Rd8 23. Qc2 Nd4 24. Nxd4 {Amin,B (2689)-Vachier Lagrave,M (2789) Riadh 2017 0-1 (37)}) 10. a3 ({RR} 10. h3 h6 11. Nf1 Rc8 12. g4 Re8 13. Ng3 Bf8 14. d4 cxd4 15. cxd4 g6 16. Qd3 Bg7 17. Bd2 Qe7 18. Bb4 a5 19. Ba3 Red8 20. e5 Ne8 21. Ne4 Bxe4 22. Qxe4 Rc7 23. Rad1 b5 24. exd6 Nxd6 {Teterev,V (2257)-Weihrauch,J (2256) chess.com INT 2025 0-1 (89)}) 10... Rc8 11. b4 b5 $146 ({RR} 11... Rc7 12. Bb2 Qa8 13. h3 Rfc8 14. Ra2 c4 15. Nxc4 Nxe4 16. dxe4 Rxc4 17. Nd2 R4c7 18. c4 Ne5 19. Bf1 Nd7 20. Bg2 Ne5 21. Bf1 Nd7 {½-½ (21) Glek,I (2635)-Van der Werf,M (2400) Netherlands 1996}) 12. Bb2 Nb6 13. Rc1 a6 14. c4 bxc4 15. dxc4 Nfd7 16. Qb3 Re8 17. Qd3 Qc7 18. Red1 Bf8 19. h4 Bc6 20. Re1 Red8 21. Qe3 Rb8 22. Ba1 Na4 23. Rb1 Re8 24. Qf4 h6 25. e5 d5 26. cxd5 Bxd5 27. Ne4 Bxe4 28. Qxe4 cxb4 29. axb4 Nc3 30. Rbc1 Bxb4 31. Bxc3 Bxc3 32. Re3 Rb3 33. Qc2 Qb6 34. Qd1 Rb2 35. Rcxc3 Nc5 36. Qd6 1-0